| 000 | 00573nam a2200157 a 4500 | ||
|---|---|---|---|
| 001 | 000027510 | ||
| 005 | 20200930030903.0 | ||
| 008 | 110401s1976 dr c 000 0 spa d | ||
| 040 |
_aDO-SdBNP _bspa _cBNPHU |
||
| 082 |
_axxxx _bR426m |
||
| 110 | 1 |
_aRepública Dominicana . _bSubSecretaría de Estado de Investigación Extención y Capacitación Agropecuaria _954593 |
|
| 245 | 1 | 0 | _aManual de organizaciones rurales. |
| 260 |
_aSancristobal, República Dominicana : _bUnidad de Divulgación Tecnica del CNIECA, _c1976. |
||
| 300 |
_a123 p. : _bretr. ; _c22 cm. |
||
| 049 | _aBNPD | ||
| 999 |
_c27002 _d27002 |
||